| 000 | 00939 a2200229 4500 | ||
|---|---|---|---|
| 999 |
_c8354 _d8354 |
||
| 003 | GBCCL | ||
| 005 | 20241126110648.0 | ||
| 008 | 200211b ||||| |||| 00| 0 eng d | ||
| 020 | _a9789351251477 | ||
| 020 | _a9351251470 | ||
| 040 | _cgbc | ||
| 082 |
_a305.80095 _a305.800954162 _bBAR |
||
| 100 |
_aBarua, Indira _914572 |
||
| 245 |
_aIndigenous knowledge and human development : _ba study in North East India |
||
| 260 |
_aNew Delhi : _bConcept Publishing Company Pvt. Ltd., _c2015. |
||
| 300 |
_axvi, 232 pages : maps (black and white) ; _b 22 cm |
||
| 505 | _aStudy conducted on two scheduled tribe communities Sonowal Kecharis and Deoris of Assam, India. | ||
| 650 |
_aSonowal Kachari (Indic people) -- Science -- India -- Assam. _914573 |
||
| 650 |
_aDeori (Indic people) -- Science -- India -- Assam. _914574 |
||
| 650 |
_aSonowal Kachari (Indic people) -- Health and hygiene -- India -- Assam. _914575 |
||
| 942 |
_2ddc _cBK |
||